Times Da La Liga 22/23 - Statistics

Estatísticas Gerais
  • Esse quiz foi jogado 395 vezes
  • A pontuação média é 16 de 20
Estatísticas das Respostas
Imagem Resposta % Correto
Barcelona
100%
Real Madrid
100%
Atlético de Madrid
98%
Real Sociedad
96%
Real Betis
93%
Valencia
91%
Sevilla
88%
Villarreal
88%
Celta de Vigo
82%
Rayo Vallecano
82%
Osasuna
78%
Getafe
75%
Espanyol
74%
Mallorca
74%
Cádiz
70%
Girona
70%
Athletic Bilbao
69%
Almería
66%
Real Valladolid
65%
Elche
60%
Nenhum quiz correspondente encontrado
Distribuição das Pontuações
Porcentagem de Pessoas com Cada Pontuação
Percentil de Números Respondidos
Sua Pontuação Histórica
Você não jogou esse quiz